On This Day: March 27th II Quiz Stats

 Plays Quiz Updated Mar 27, 2018

Score 0/7 Timer 03:00
0 Plays Today
Question Answer Wrong Answers
The United States begins broadcasting TV Martí to ______ in an effort to bridge the information blackout imposed by the Castro regime.
1990
Cuba
94%
Venezuela
1.5%
Nicaragua
1.3%
Panama
1.4%
At the 45th Academy Awards, this man turns down the Best Actor Oscar for his performance in ‘The Godfather’, instead sending activist Sacheen Littlefeather to explain why he was absent.
1973
Marlon Brando
88.2%
Al Pacino
7.8%
James Caan
1%
George C. Scott
1.6%
The United Nations General Assembly votes to not recognize this nation’s annexation of Crimea.
2014
Russia
79.2%
Ukraine
11.8%
Turkey
3.9%
Romania
3%
This German physicist and academic, who in 1901 won the first Nobel Prize in Physics for his discovery of X-rays, is born.
1845
Wilhelm Röntgen
62.9%
Pierre Curie
18.9%
Ernest Rutherford
6.2%
Max Planck
11.8%
This President vetoes the Civil Rights Act of 1866, though his veto is overridden by Congress and the bill passes into law a couple weeks later.
1866
Andrew Johnson
62.3%
Abraham Lincoln
14.3%
Ulysses S. Grant
16.7%
Rutherford B. Hayes
6.2%
Suharto officially succeeds Sukarno as president of ______.
1968
Indonesia
59.3%
Japan
27.7%
Thailand
9.9%
China
1.8%
At the 1st NCAA Men’s Basketball Championship, this team of the then Pacific Coast Conference beats Ohio State, 46-33.
1939
Oregon
48.5%
Washington
30.5%
Arizona
12.2%
Utah
7.9%

You're not logged in!

Compare scores with friends on all Sporcle quizzes.
OR
Log In

You Might Also Like...

Show Comments

Extras

Top Quizzes Today


Score Distribution

Your Account Isn't Verified!

In order to create a playlist on Sporcle, you need to verify the email address you used during registration. Go to your Sporcle Settings to finish the process.

Report this User

Report this user for behavior that violates our Community Guidelines.

Details: